Norman Douglas /

Bibliographic Details
Main Author: Tomlinson, H. M. (Henry Major), 1873-1958
Format: Book
Language:English
Published: London : Chatto & Windus, 1931.
Subjects:

MARC

Tag First Indicator Second Indicator Subfields
LEADER 00000cam a2200000 i 4500
001 in00000033871
005 20151007063334.0
008 770810s1931 enk 00010beng d
035 |a (OCoLC)03175531 
035 |9 AAD7159AM 
040 |a AZS  |c AZS  |d TXA  |d UtOrBLW 
049 |a TXAM  |c [475502] 
090 |a PR6007.O88  |b Z8 1931 
092 |a 823  |b D735Yt 
100 1 |a Tomlinson, H. M.  |q (Henry Major),  |d 1873-1958. 
245 1 0 |a Norman Douglas /  |c by H. M. Tomlinson. 
264 1 |a London :  |b Chatto & Windus,  |c 1931. 
300 |a 63 pages 
336 |a text  |b txt  |2 rdacontent 
337 |a unmediated  |b n  |2 rdamedia 
338 |a volume  |b nc  |2 rdacarrier 
600 1 0 |a Douglas, Norman,  |d 1868-1952. 
999 |a MARS 
999 f f |s dd9d9796-d76e-315a-b2ba-c65a60c58531  |i e6e14ef3-8b87-3a1a-ae7d-2a3a698468a5  |t 0 
952 f f |p ric  |a Texas A&M University  |b Rellis Campus  |c Joint Library Facility  |d Remote Storage  |t 0  |e PR6007.O88 Z8 1931  |h Library of Congress classification  |i unmediated -- volume  |m A14801317025 
952 f f |p noncirc  |a Texas A&M University  |b College Station  |c Cushing Memorial Library & Archives  |d Cushing: Literature/Mitchell (Does not check out)  |t 0  |e PR6007.O88 Z8 1931  |h Library of Congress classification  |i unmediated -- volume 
998 f f |a PR6007.O88 Z8 1931  |t 0  |l Remote Storage 
998 f f |a PR6007.O88 Z8 1931  |t 0  |l Cushing: Literature/Mitchell (Does not check out)